Statistics for The Spartans Quiz (HARD)

Click here to take the quiz!

General Stats

  • This quiz has been taken 51 times
  • The average score is 5 of 17

Answer Stats

HintAnswer% Correct
The formation the Spartans employed in battlephalanx
80%
Name of the subjugated slave population that served the Spartanshelots
70%
Name of the 5 officials elected yearlyephors
53%
The legendary lawbringer credited as the patriarch of classical Spartalycurgus
45%
Type of warrior a Spartan fought athoplite
43%
Greek symbol commonly associated with Spartalambda
30%
First royal houseagiad
25%
Second royal houseeurypontid
25%
Spartan armies most infamous defeatbattle of leuctra
23%
Exiled Spartan king who aided the Persians during the Greco-Persian warsdemaratus
20%
Spartan navarch that gained the decicive victory for Sparta in the Peloponesian warlysander
20%
Leader of the allied Greek army at the Battle of Plataeapausanias
20%
Athenian general and historian who admired Sparta and sided with them against AthensXenophon
18%
Famouse phrase said by Leonidas before the battle of Thermopylaemolon labe
15%
Spartan king that led an army into the eastern part of the Persian empireagesilaus
13%
Great Spartan general that was active during the early parts of the Peloponesianbrasidas
13%
The first woman to win the Olympicscynisca
10%

Score Distribution

Percentile by Number Answered

Percent of People with Each Score

Your Score History

You have not taken this quiz